Demandas sociales a la educación media: actores sociales y demanda educativa. Análisis de sus discursos
Uloženo v:
| Médium: | Kniha |
|---|---|
| Jazyk: | španělština |
| Vydáno: |
Santiago
CPU-CIDE
1991
|
| Témata: | |
| Tagy: |
Přidat tag
Žádné tagy, Buďte první, kdo vytvoří štítek k tomuto záznamu!
|
MARC
| LEADER | 00000nam a2200000 a 4500 | ||
|---|---|---|---|
| 001 | UCX9723 | ||
| 003 | CL-VaPUC | ||
| 005 | 20240820110601.0 | ||
| 008 | 940622e19910000CL |||||||||||||||||spa|d | ||
| 999 | |c 228885 |d 228883 | ||
| 040 | |c Pontificia Universidad Católica de Valparaíso | ||
| 082 | 0 | 4 | |a 373 |b DEM |2 21 |
| 245 | 1 | 0 | |a Demandas sociales a la educación media: actores sociales y demanda educativa. Análisis de sus discursos |
| 260 | |a Santiago |b CPU-CIDE |c 1991 | ||
| 300 | |a 204 p | ||
| 583 | |a last modification |c 19940622 00:00:00 |k Rodrigo Vera | ||
| 650 | 0 | |a Educación media |9 499610 | |
| 650 | 7 | |a INVESTIGACIONES |2 CL-VaPUC |9 261211 | |
| 650 | 0 | |a Aspectos sociales |9 254894 | |
| 942 | |c BK |2 ddc | ||
| 945 | |d 19940622 00:00:00 |a rbrito | ||
| 952 | |0 0 |1 0 |4 0 |6 373_000000000000000_DEM_1991 |7 0 |8 P |9 229369 |a BIBEDU |b BIBEDU |c BIBEDU_PB |d 2019-11-15 |i 2985853 |o 373 DEM 1991 |p 2985853 |r 2024-01-25 |w 2019-11-15 |y BK |k EDU | ||